| LEADER |
01322nam0a2200217 450 |
| 001 |
16868332 |
| 010 |
|
|
|a 978-2-8085-1034-9
|b rel.
|d 12,5
|
| 100 |
|
|
|a 20260529d2026 u u0frey01 ba
|
| 101 |
0 |
|
|a fre
|
| 102 |
|
|
|a FR
|
| 200 |
0 |
|
|a Chaos bang
|f Nob
|
| 207 |
|
1 |
|a
|
| 210 |
|
|
|a Paris
|b 57, bd de La Villette
|c Dupuis
|d DL 2025
|
| 215 |
|
|
|a 1 vol. (46 p.)
|c ill. en coul.
|d 30 cm
|
| 225 |
1 |
|
|a Dad
|v 12
|
| 330 |
|
|
|a Tout change, dans la vie des filles de Dad ! Et donc tout change dans la vie de Dad aussi. Sauf l'humour et la tendresse de Nob, bien sûr ! Dad, tout le monde l'adore, et en premier lieu ses filles ! Ça, ça ne change pas. Mais pour le reste, tout évolue ! Car entre Panda qui cherche à quitter l'appartement familial, Mouf qui devient influenceuse canine, Ondine qui gagne en maturité, Roxane qui se coupe elle-même les cheveux façon pétard et Bébérénice qui développe un sacré caractère, le super-papa va en voir de toutes les couleurs ! Un sacré « chaos bang » en perspective, mais toujours avec beaucoup d'humour, des tonnes de tendresse et un rien de nostalgie. La vie, quoi !
|
| 461 |
|
0 |
|t Dad
|v 12
|
| 700 |
|
0 |
|a Nob
|f 1973-....
|4 70
|
| 900 |
|
|
|a Bande Dessinée (enfants)
|
| 901 |
|
|
|a Jeunesse
|
| 995 |
|
|
|a Médiathèque
|c Médiathèque
|f 089021890
|h 089021890
|k BD DAD
|o p
|q j
|r az
|e Médiathèque
|